000
003140000a22001450004500
003
MACL
040
_a
MACL
090
_c
1895
_d
1895
100
_a
Ponnampalam, P.S.
245
_a
Another Dawn
260
_a
New Delhi
_b
Sterling Paper Backs
_c
1997
350
_a
125
650
_a
English Fiction
942
_c
BOOK
_k
823
999
_c
1882
_d
1882